[Event "FRA-chT2B 0506"]
[Site "France"]
[Date "2006.03.12"]
[Round "9.6"]
[White "Stoven, Gilles Noel"]
[Black "Bellamine, Imed"]
[Result "1/2-1/2"]
[WhiteElo "2139"]
[BlackElo "2141"]
[PlyCount "93"]
[EventDate "2005.10.27"]
[EventType "team-tourn"]
[EventRounds "11"]
[EventCountry "FRA"]
[SourceTitle "EXT 2006"]
[Source "ChessBase"]
[SourceDate "2005.11.24"]
[SourceVersion "1"]
[SourceVersionDate "2005.11.24"]
[SourceQuality "1"]
[WhiteTeam "Lutece"]
[BlackTeam "Rosny sous Bois"]
[WhiteTeamCountry "FRA"]
[BlackTeamCountry "FRA"]

1. e4 c5 2. d4 cxd4 3. c3 dxc3 4. Nxc3 Nc6 5. Nf3 e6 6. Bc4 Qc7 7. 0-0 a6 8. Qe2 Bd6 9. Bg5 f6 10. Be3 Nge7 11. Rfd1 Ng6 12. Rac1 0-0 13. h4 Bf4 14. Nd5 exd5 15. exd5 Kh8 16. h5 Bxe3 17. Qxe3 Nge5 18. dxc6 dxc6 19. h6 Bg4 20. Nxe5 Bxd1 21. Nf7+ Rxf7 22. Bxf7 Rd8 23. hxg7+ Kxg7 24. Bb3 Bxb3 25. Qxb3 Qf7 26. Qg3+ Kh8 27. b3 Qg7 28. Qf3 Qg6 29. Re1 Rd7 30. g3 Kg7 31. Re4 h5 32. Qe2 Kf7 33. Qc4+ Rd5 34. Qe2 Rd7 35. Qc4+ Kg7 36. Qe2 Qf5 37. Re7+ Kg6 38. Re8 Qd5 39. Kh2 c5 40. Rh8 Rh7 41. Rxh7 Kxh7 42. Qe7+ Kg6 43. Qe8+ Kg5 44. f4+ Kh6 45. Qf8+ Kg6 46. Qe8+ Kh6 47. Qf8+ 1/2-1/2

[Event "Condom op 2nd"]
[Site "Condom"]
[Date "2003.07.13"]
[Round "2"]
[White "Roser, Kevin"]
[Black "Stoven, Gilles Noel"]
[Result "1-0"]
[WhiteElo "2324"]
[BlackElo "2096"]
[PlyCount "31"]
[EventDate "2003.07.12"]
[EventType "swiss"]
[EventRounds "9"]
[EventCountry "FRA"]
[SourceTitle "CBM 095 Extra"]
[Source "ChessBase"]
[SourceDate "2003.09.04"]
[SourceVersion "1"]
[SourceVersionDate "2003.09.04"]
[SourceQuality "1"]

1. e4 c5 2. Nc3 Nc6 3. Nf3 e6 4. d4 cxd4 5. Nxd4 a6 6. Be3 Bb4 7. Nxc6 Bxc3+ 8. bxc3 dxc6 9. Qxd8+ Kxd8 10. 0-0-0+ Bd7 11. Bc4 Nf6 12. f3 Rc8 13. Rd2 h5 14. Rhd1 h4 15. f4 Rh5 16. Be2 1-0

[Event "Condom op 2nd"]
[Site "Condom"]
[Date "2003.07.13"]
[Round "3"]
[White "Stoven, Gilles Noel"]
[Black "Piceu, Tom"]
[Result "1-0"]
[WhiteElo "2096"]
[BlackElo "2227"]
[PlyCount "53"]
[EventDate "2003.07.12"]
[EventType "swiss"]
[EventRounds "9"]
[EventCountry "FRA"]
[SourceTitle "CBM 095 Extra"]
[Source "ChessBase"]
[SourceDate "2003.09.04"]
[SourceVersion "1"]
[SourceVersionDate "2003.09.04"]
[SourceQuality "1"]

1. e4 c5 2. d4 cxd4 3. c3 dxc3 4. Nxc3 e6 5. Nf3 a6 6. Bc4 b5 7. Bb3 Bb7 8. 0-0 b4 9. Na4 Bxe4 10. Be3 Nc6 11. Rc1 Nf6 12. Nb6 Rb8 13. Nxd7 Qxd7 14. Ba4 Rb5 15. Nd4 Nxd4 16. Qxd4 Bd6 17. Rc8+ Qxc8 18. Qxd6 Qc6 19. Bxb5 Qxb5 20. Rc1 Qb7 21. Bb6 Qa8 22. Rc7 Qd8 23. Re7+ Qxe7 24. Qb8+ Kd7 25. Qc7+ Ke8 26. Qc8+ Qd8 27. Qxd8# 1-0

[Event "Marseille op 4th"]
[Site "Marseille"]
[Date "2003.07.02"]
[Round "7"]
[White "Stoven, Gilles Noel"]
[Black "Janev, Evgeni"]
[Result "0-1"]
[WhiteElo "2103"]
[BlackElo "2456"]
[PlyCount "33"]
[EventDate "2003.06.28"]
[EventType "swiss"]
[EventRounds "9"]
[EventCountry "FRA"]
[SourceTitle "EXT 2004"]
[Source "ChessBase"]
[SourceDate "2003.11.25"]
[SourceVersion "1"]
[SourceVersionDate "2003.11.25"]
[SourceQuality "1"]

1. e4 Nf6 2. e5 Nd5 3. d4 d6 4. c4 Nb6 5. f4 g6 6. Nf3 Bg7 7. b3 0-0 8. Bb2 dxe5 9. fxe5 c5 10. d5 Bg4 11. Nbd2 e6 12. dxe6 fxe6 13. Qc2 Nc6 14. Ne4 Bxf3 15. gxf3 Bxe5 16. Bg2 Nb4 17. Qe2 0-1

[Event "Bethune op 22nd"]
[Site "Bethune"]
[Date "2001.12.30"]
[Round "7"]
[White "Stoven, Gilles Noel"]
[Black "Hennipman, Rene"]
[Result "1-0"]
[WhiteElo "2101"]
[BlackElo "1941"]
[PlyCount "51"]
[EventDate "2001.12.26"]
[EventType "swiss"]
[EventRounds "7"]
[EventCountry "FRA"]
[SourceTitle "CBM 085 Extra"]
[Source "ChessBase"]
[SourceDate "2002.01.21"]
[SourceVersion "1"]
[SourceVersionDate "2002.01.21"]
[SourceQuality "1"]

1. e4 c6 2. d4 d5 3. e5 c5 4. dxc5 Nc6 5. Bb5 e6 6. b4 Nge7 7. Nf3 Bd7 8. Bxc6 Nxc6 9. Ba3 a5 10. b5 Na7 11. c6 bxc6 12. Bxf8 Kxf8 13. bxc6 Bxc6 14. 0-0 Bb5 15. Re1 Rc8 16. Nd4 Qb6 17. Na3 Ba6 18. Rb1 Qc5 19. Rb3 Ke7 20. Qg4 Rhg8 21. Rf3 Qb4 22. Rxf7+ Kxf7 23. Qxe6+ Kf8 24. Re3 g6 25. Rf3+ Kg7 26. Qf6+ 1-0

[Event "Recklinghausen op 12th"]
[Site "Recklinghausen"]
[Date "2001.08.07"]
[Round "4"]
[White "Stoven, Gilles Noel"]
[Black "Frohne, Gerd"]
[Result "1-0"]
[WhiteElo "2051"]
[BlackElo "2233"]
[PlyCount "45"]
[EventDate "2001.08.04"]
[EventType "swiss"]
[EventRounds "9"]
[EventCountry "GER"]
[SourceTitle "CBM 083 Extra"]
[Source "ChessBase"]
[SourceDate "2001.09.11"]
[SourceVersion "1"]
[SourceVersionDate "2001.09.11"]
[SourceQuality "1"]

1. e4 e6 2. d4 d5 3. e5 c5 4. c3 Qb6 5. Nf3 Nc6 6. Bd3 Bd7 7. 0-0 cxd4 8. cxd4 Nxd4 9. Nxd4 Qxd4 10. Nc3 a6 11. Qe2 Ne7 12. Kh1 Nc6 13. f4 Bc5 14. Rd1 Qf2 15. Qh5 Nb4 16. Bb1 Nc2 17. Bxc2 Qxc2 18. f5 g6 19. Qh4 Qxf5 20. Bg5 Bf2 21. Qh6 d4 22. Qg7 Rf8 23. Ne4 1-0

[Event "Recklinghausen op 12th"]
[Site "Recklinghausen"]
[Date "2001.08.05"]
[Round "2"]
[White "Stoven, Gilles Noel"]
[Black "Gawehns, Klaus"]
[Result "0-1"]
[WhiteElo "2051"]
[BlackElo "2375"]
[PlyCount "102"]
[EventDate "2001.08.04"]
[EventType "swiss"]
[EventRounds "9"]
[EventCountry "GER"]
[SourceTitle "CBM 083 Extra"]
[Source "ChessBase"]
[SourceDate "2001.09.11"]
[SourceVersion "1"]
[SourceVersionDate "2001.09.11"]
[SourceQuality "1"]

1. e4 b6 2. d4 Bb7 3. Bd3 Nf6 4. Qe2 e6 5. Bg5 h6 6. Bh4 d6 7. Nf3 Be7 8. 0-0 0-0 9. Nbd2 Nfd7 10. Bxe7 Qxe7 11. c3 e5 12. Rfe1 Re8 13. Nf1 Nf8 14. Ng3 g6 15. Qd2 Kg7 16. h4 h5 17. Bc4 f6 18. d5 Nh7 19. Nh2 Rf8 20. Nhf1 Bc8 21. Ne3 Kh8 22. Bd3 Nd7 23. b4 Rg8 24. Qd1 Ndf8 25. Bb5 Qg7 26. Qf3 Qh6 27. Qe2 a6 28. Bc6 Rb8 29. Be8 Qf4 30. Qc4 Rg7 31. a4 Re7 32. b5 a5 33. Rad1 Bg4 34. Nxg4 Qxg4 35. Bc6 Qxh4 36. Qd3 Qg4 37. c4 Rd8 38. Nf1 h4 39. Qc3 Ng5 40. Nh2 Qh5 41. f4 Nxe4 42. Rxe4 Qxd1+ 43. Re1 Qh5 44. Qh3 Nh7 45. Nf3 g5 46. f5 g4 47. Qxh4 Qxf5 48. Nd4 Qd3 49. Ne6 Rg8 50. Rf1 Qe3+ 51. Kh1 Rg6 0-1

[Event "Recklinghausen op 12th"]
[Site "Recklinghausen"]
[Date "2001.??.??"]
[Round "5"]
[White "Eismont, Igor"]
[Black "Stoven, Gilles Noel"]
[Result "1-0"]
[WhiteElo "2238"]
[BlackElo "2051"]
[PlyCount "81"]
[EventDate "2001.08.04"]
[EventType "swiss"]
[EventRounds "9"]
[EventCountry "GER"]
[SourceTitle "CBM 083 Extra"]
[Source "ChessBase"]
[SourceDate "2001.09.11"]
[SourceVersion "1"]
[SourceVersionDate "2001.09.11"]
[SourceQuality "1"]

1. d4 Nf6 2. c4 c5 3. d5 b5 4. Nd2 Qa5 5. Qc2 g6 6. e4 d6 7. Ngf3 Bg7 8. Bd3 bxc4 9. Bxc4 Na6 10. 0-0 0-0 11. a3 Rb8 12. Rb1 Re8 13. b3 Nd7 14. Bb2 Bxb2 15. Qxb2 Nc7 16. e5 Nb6 17. exd6 exd6 18. Qf6 Nbxd5 19. Bxd5 Nxd5 20. Qxd6 Be6 21. Nc4 Qc7 22. Ng5 Qxd6 23. Nxd6 Re7 24. Rfe1 Nc3 25. Rbc1 Rxb3 26. Ndxf7 Rxf7 27. Nxe6 c4 28. h4 Re7 29. a4 h6 30. Kh2 a5 31. f3 Re8 32. Re5 Kf7 33. Rce1 Rbb8 34. g4 Nxa4 35. Rxa5 Nc5 36. Rxc5 Rxe6 37. Rc7+ Kf6 38. g5+ hxg5 39. hxg5+ Kxg5 40. Rxe6 Kf4 41. Rf6+ 1-0

[Event "Provence-ch prom Meyreuil 9900"]
[Site "France"]
[Date "2000.??.??"]
[Round "6"]
[White "Stoven, Gilles Noel"]
[Black "Labbe, Philippe"]
[Result "0-1"]
[WhiteElo "1970"]
[BlackElo "1890"]
[PlyCount "64"]
[EventDate "1999.??.??"]
[EventType "tourn"]
[EventRounds "9"]
[EventCountry "FRA"]
[SourceTitle "EXT 2005"]
[Source "ChessBase"]
[SourceDate "2004.11.15"]
[SourceVersion "1"]
[SourceVersionDate "2004.11.15"]
[SourceQuality "1"]

1. e4 c5 2. c3 Nf6 3. e5 Nd5 4. d4 cxd4 5. Nf3 e6 6. cxd4 b6 7. Nc3 Nxc3 8. bxc3 Qc7 9. Bd2 Bb7 10. Bd3 d6 11. 0-0 Nd7 12. exd6 Bxd6 13. Qe2 h6 14. h3 0-0 15. c4 Rfe8 16. Bc2 e5 17. d5 Bxd5 18. Qd3 Qxc4 19. Qh7+ Kf8 20. Bd3 Qa4 21. Qh8+ Ke7 22. Qxg7 Rg8 23. Qxh6 Bxf3 24. Bg5+ Rxg5 25. Qxg5+ Nf6 26. Qf5 Bd5 27. f4 Qd4+ 28. Kh1 Be6 29. Qg5 Rg8 30. Qh4 Qxd3 31. fxe5 Bxe5 32. Qb4+ Bd6 0-1